000
00236nam a2200085 4500
999
_c
528080
_d
528080
082
_a
L906x5444 C/F/2024-25
245
_a
5th state finance commission report , 2024-25
260
_a
Banagalore
_b
Government of Karnataka
_c
2024
300
_a
70p.